00693nam a22001697b 4500003000500000005001700005008004100022020002600063040002400089041001400113082001200127100002500139245004300164260003300207300003300240500025000273322820251126133559.0251126b sa ||||e |||| 00| 1 AFR d a0624004031 (hardback) aMPLbengc3228erda aAfrikaans 0aAF NORT aNortje, P.H.eauthor aOp die Sonpad 10 sketse /cP.H. Nortje aKaapstadbTafelbergc© 1973 a156 Pages :bjacket ;c21 cm aTitles in this book: Die elfde plaag / Krewe en Krampe / Ek word oupa / Slegs vir mans / Ek word eienaar-Bouer / Hugo en Muis woon (nog) hier / Die Premiére / Terug na moederaarde / As ñ man hom jonk wil hou / Om te roei of nie te roei nie /